000 00355cam a2200145ua 4500
003 OSt
008 250310b |||||||| |||| 00| 0 eng d
041 _aeng
082 _a621.6
_bBLA/PU
100 _aBlack, Perry O .
_97289
245 _aPumps /
260 _aMumbai :
_bD B Taraporevala sons & Co. Pvt. Ltd. ,
_c1983.
300 _a453 ; .
942 _cBK
999 _c9258
_d9258